| 000 | 00680nam a22002297a 4500 | ||
|---|---|---|---|
| 999 |
_c3797 _d3797 |
||
| 003 | OSt | ||
| 005 | 20241029091116.0 | ||
| 008 | 241029b ||||| |||| 00| 0 eng d | ||
| 020 | _a9789670315423 | ||
| 020 | _a9789670315379 (SET) | ||
| 040 | _cKH8 | ||
| 082 | _a823 LEE | ||
| 100 |
_aLee, Jackson, _eauthor. |
||
| 245 |
_aCourteous guest = Tetamu yang sopan / _cJackson Lee. |
||
| 260 |
_aSelangor ; _bZufad Enterprise , _c2014. |
||
| 300 |
_a48 pages : _bcolor illustrations ; _c22 cm. |
||
| 440 | _aPractice Good Manners Series | ||
| 650 |
_aDidactic fiction _vEnglish |
||
| 650 |
_aDidactic fiction _vMalaysia |
||
| 830 | _aPractice Good Manners Series | ||
| 942 |
_2ddc _cTR |
||